[Event "Bilderbergtoernooi"]
[Site "Oosterbeek"]
[Date "2006.07.01"]
[Round "1.1"]
[White "Zuidema, C."]
[Black "Scholten, KR."]
[Result "1-0"]
[WhiteElo "2450"]
[BlackElo "2010"]
[PlyCount "79"]
[EventDate "2006.07.08"]

1. e4 c5 2. Nf3 d6 3. d4 cxd4 4. Nxd4 Nf6 5. Nc3 a6 6. f4 e5 7. Nf3 Qc7 8. a4
b6 9. Bd3 Nbd7 10. O-O Bb7 11. Qe1 Be7 12. fxe5 dxe5 13. Nh4 g6 14. Bh6 Ng4 15.
Bd2 Qc5+ 16. Kh1 Nf2+ 17. Qxf2 Qxf2 18. Rxf2 Bxh4 19. Re2 Rc8 20. Nd5 Bd8 21.
Bh6 f6 22. Rf1 Rg8 23. Bd2 Kf7 24. Ne3 Kg7 25. Bc4 Re8 26. Bd5 Bxd5 27. Nxd5
Nc5 28. b3 Re6 29. Bb4 a5 30. Bxc5 Rxc5 31. c4 Be7 32. g4 h6 33. Kg2 Rc8 34.
Nxe7 Rxe7 35. Rd1 Rc6 36. Kf3 Rf7 37. Ke3 Re7 38. Rd8 Kf7 39. Red2 Ke6 40. Rh8
{vlag} 1-0

[Event "Bilderbergtoernooi"]
[Site "Oosterbeek"]
[Date "2006.07.01"]
[Round "1.2"]
[White "Grotenhuis, GH."]
[Black "Böhm, H."]
[Result "0-1"]
[WhiteElo "2005"]
[BlackElo "2263"]
[PlyCount "70"]
[EventDate "2006.07.08"]

1. b3 e5 2. Bb2 Nc6 3. e3 d6 4. Bb5 Bd7 5. Ne2 a6 6. Bxc6 Bxc6 7. O-O Qg5 8.
Ng3 h5 9. f4 exf4 10. exf4 Qg4 11. Qxg4 hxg4 12. c4 O-O-O 13. d4 Bd7 14. Nc3 f5
15. b4 g6 16. a4 Nf6 17. b5 a5 18. Rfd1 Rh7 19. d5 Re8 20. Nce2 Ne4 21. b6 cxb6
22. Nd4 Nc5 23. Nb5 Bxb5 24. cxb5 Bg7 25. Bxg7 Rxg7 26. Ra3 Rge7 27. Kf2 Kd7
28. Rc1 Rh8 29. Rh1 Reh7 30. Nf1 Ne4+ 31. Ke3 Re7 32. Kd4 Nf2 33. Rg1 Re4+ 34.
Kc3 Re1 35. Kd2 Rhe8 0-1

[Event "Bilderbergtoernooi"]
[Site "Oosterbeek"]
[Date "2006.07.01"]
[Round "1.3"]
[White "van Putten, H."]
[Black "Arp, FL."]
[Result "1/2-1/2"]
[WhiteElo "2252"]
[BlackElo "1997"]
[PlyCount "85"]
[EventDate "2006.07.08"]

1. d4 Nf6 2. c4 g6 3. Nc3 Bg7 4. e4 d6 5. Be2 O-O 6. Nf3 e5 7. d5 Nbd7 8. Bg5
h6 9. Bh4 g5 10. Bg3 Nc5 11. Nd2 a5 12. h4 g4 13. h5 Nh7 14. Kf1 f5 15. exf5
Bxf5 16. Kg1 Qd7 17. Nf1 e4 18. Ne3 Nf6 19. Nb5 Nd3 20. Nd4 Bh7 21. Ne6 Nxb2
22. Qd2 Nd3 23. Rb1 b6 24. Rh4 Rf7 25. Bxg4 Nxg4 26. Nxg4 Kh8 27. Nxh6 Rf6 28.
Ng4 Rxe6 29. dxe6 Qxe6 30. Ne3 Bd4 31. Rf1 c6 32. Qc2 Rg8 33. Rh3 Ne5 34. Bxe5+
Qxe5 35. Kh1 Qf4 36. Qe2 Be5 37. g3 Qf7 38. Rd1 Rf8 39. Kg2 Qe6 40. Qg4 Qf6 41.
Qe2 Qe6 42. Qg4 Qf6 43. Qe2 1/2-1/2

[Event "Bilderbergtoernooi"]
[Site "Oosterbeek"]
[Date "2006.07.01"]
[Round "1.4"]
[White "Pluymert, PW."]
[Black "Vogel, J."]
[Result "0-1"]
[WhiteElo "1983"]
[BlackElo "2212"]
[PlyCount "118"]
[EventDate "2006.07.08"]

1. c4 e6 2. Nf3 Nf6 3. b3 d5 4. d4 Bb4+ 5. Bd2 Be7 6. g3 b6 7. Bg2 Bb7 8. O-O
O-O 9. e3 c5 10. Bc3 Nc6 11. Nbd2 Rc8 12. Rc1 cxd4 13. exd4 Nb4 14. Bxb4 Bxb4
15. Ne5 Ba6 16. Re1 dxc4 17. bxc4 Qxd4 18. Nb3 Qd6 19. Qxd6 Bxd6 20. Nc6 Ba3
21. Rc2 Rc7 22. c5 bxc5 23. Nxc5 Bb5 24. Re3 Bxc5 25. Rxc5 Bxc6 26. Rxc6 Rxc6
27. Bxc6 Rc8 28. Bf3 Kf8 29. Ra3 Rc7 30. Kf1 Ke7 31. Ke2 Nd7 32. Be4 e5 33. Kd2
g6 34. h4 Nc5 35. Bc2 f5 36. h5 Kf6 37. hxg6 hxg6 38. Ra5 e4 39. Ke3 Nd7 40.
Ra6+ Kg5 41. Bd1 Ne5 42. Be2 Rg7 43. f4+ exf3 44. Bxf3 Re7 45. Kf2 Rc7 46. Be2
Nd7 47. Ra3 Nf6 48. Bf3 Rc2+ 49. Kg1 Rc7 50. Kf2 Nd7 51. Be2 Nc5 52. Bf3 Re7
53. Kg1 Kf6 54. Ra5 Rc7 55. Kf2 g5 56. Ke3 Ke5 57. Bd1 Kd5 58. Bc2 Kc4 59. Ra3
Kb4 0-1

[Event "Bilderbergtoernooi"]
[Site "Oosterbeek"]
[Date "2006.07.01"]
[Round "1.5"]
[White "Hartoch, RG."]
[Black "Toorman, J."]
[Result "1-0"]
[WhiteElo "2206"]
[BlackElo "1969"]
[PlyCount "115"]
[EventDate "2006.07.08"]

1. Nf3 d5 2. g3 Nf6 3. Bg2 c6 4. O-O Bf5 5. d3 h6 6. Nbd2 e6 7. Qe1 Be7 8. e4
Bh7 9. Qe2 O-O 10. b3 a5 11. a3 Nfd7 12. Bb2 Bf6 13. e5 Be7 14. Ne1 Na6 15. f4
Qb6+ 16. Kh1 Nc7 17. a4 f5 18. exf6 Bxf6 19. Bxf6 Rxf6 20. Nef3 c5 21. c4 Qd6
22. Rad1 Re8 23. Rfe1 Rff8 24. Nf1 d4 25. N1d2 b6 26. Ne4 Qe7 27. Nf2 Kh8 28.
Ng4 Na6 29. Nge5 Nxe5 30. Nxe5 Nb4 31. Be4 Qc7 32. Bxh7 Kxh7 33. Qe4+ Kg8 34.
Re2 Rf6 35. Rde1 Rf5 36. Kg2 Rf6 37. h4 Re7 38. h5 Re8 39. g4 Rb8 40. Kg3 Qb7
41. Qxb7 Rxb7 42. Kf3 Na6 43. Rg1 Re7 44. Reg2 Nc7 45. Re1 Kh7 46. Rge2 Kg8 47.
Re4 Kh7 48. Kg3 Kg8 49. Ng6 Re8 50. Nh4 Rf7 51. Ng6 Rf6 52. R1e2 Kf7 53. Re1
Rd8 54. Re5 Rd6 55. g5 hxg5 56. fxg5 Rxg6 57. hxg6+ Kxg6 58. Kg4 1-0

[Event "Bilderbergtoernooi"]
[Site "Oosterbeek"]
[Date "2006.07.01"]
[Round "1.6"]
[White "de Rooi, P."]
[Black "Markus, JR."]
[Result "0-1"]
[WhiteElo "1968"]
[BlackElo "2167"]
[PlyCount "74"]
[EventDate "2006.07.08"]

1. e4 e5 2. Nf3 Nc6 3. Bb5 a6 4. Bxc6 dxc6 5. d3 Bd6 6. Be3 c5 7. Nbd2 Ne7 8.
Nc4 Ng6 9. Qd2 f6 10. h4 Be6 11. h5 Ne7 12. Qc3 b6 13. Nxd6+ cxd6 14. b4 Nc6
15. bxc5 dxc5 16. Qb2 O-O 17. O-O-O Rb8 18. Nd2 Qc7 19. g3 Nd4 20. c3 Rfd8 21.
Kb1 Nc6 22. Nb3 a5 23. f3 a4 24. Nc1 Na5 25. f4 b5 26. f5 b4 27. c4 b3 28. a3
Bxc4 29. dxc4 Rxd1 30. Rxd1 Nxc4 31. Qc3 Nxa3+ 32. Kb2 Nc2 33. Qc4+ Kh8 34.
Qxc5 a3+ 35. Kc3 Qb7 36. Qb6 Qc8+ 37. Qc5 Nxe3 0-1

[Event "Bilderbergtoernooi"]
[Site "Oosterbeek"]
[Date "2006.07.01"]
[Round "1.7"]
[White "van den Berg, AMJ."]
[Black "Wilmink, J."]
[Result "1-0"]
[WhiteElo "2162"]
[BlackElo "1963"]
[PlyCount "53"]
[EventDate "2006.07.08"]

1. e4 c5 2. Nc3 Nc6 3. Nf3 g6 4. d4 cxd4 5. Nxd4 Bg7 6. Be3 Nf6 7. Bc4 d6 8. f3
Bd7 9. Qe2 O-O 10. O-O-O Qa5 11. g4 Rfc8 12. Nb3 Qd8 13. h4 Ne5 14. Bd3 a5 15.
a3 Nxd3+ 16. Rxd3 b5 17. e5 Ne8 18. Nd5 Ra6 19. Bg5 Bf8 20. exd6 Rxd6 21. Bxe7
Re6 22. Qxe6 fxe6 23. Bxd8 exd5 24. Bxa5 Nd6 25. Bb4 Nc4 26. Bxf8 Rxf8 27. Re1
1-0

[Event "Bilderbergtoernooi"]
[Site "Oosterbeek"]
[Date "2006.07.01"]
[Round "1.8"]
[White "Sep, CJP."]
[Black "de Graaff, RAG."]
[Result "0-1"]
[WhiteElo "1947"]
[BlackElo "2159"]
[PlyCount "66"]
[EventDate "2006.07.08"]

1. e4 g6 2. d4 Bg7 3. Nc3 d6 4. f4 a6 5. Nf3 b5 6. a3 Nd7 7. e5 Bb7 8. Be2 c5
9. Be3 Nh6 10. dxc5 Nf5 11. Bf2 dxe5 12. fxe5 Nxe5 13. Qxd8+ Rxd8 14. Nxe5 Bxe5
15. O-O O-O 16. Rad1 Nd4 17. Bd3 Ne6 18. Rfe1 Bf6 19. Rb1 Rc8 20. Ne4 Bxe4 21.
Bxe4 Nxc5 22. Bf3 Rfd8 23. Bxc5 Rxc5 24. c3 a5 25. Rbd1 Rb8 26. Re4 e6 27. Rd7
b4 28. axb4 axb4 29. Rf4 bxc3 30. bxc3 Bxc3 31. Rfxf7 Bd4+ 32. Kf1 Rb2 33. Rc7
Ra5 0-1

[Event "Bilderbergtoernooi"]
[Site "Oosterbeek"]
[Date "2006.07.01"]
[Round "1.9"]
[White "Speijer, NB."]
[Black "Nagel, JG."]
[Result "1-0"]
[WhiteElo "2139"]
[BlackElo "1939"]
[PlyCount "95"]
[EventDate "2006.07.08"]

1. e4 e5 2. f4 exf4 3. Nf3 Nc6 4. Bc4 d6 5. Nc3 Ne5 6. Bb3 Bg4 7. O-O g5 8. d4
Nxf3+ 9. gxf3 Bh5 10. Qd3 Qc8 11. Bxf4 h6 12. Bg3 a6 13. e5 Qd7 14. Rae1 Kd8
15. e6 fxe6 16. Bxe6 Qg7 17. Ne4 Nf6 18. Nxf6 Qxf6 19. Be5 Qxe6 20. Bxh8 Qf7
21. d5 Kd7 22. Qb3 Rb8 23. Bd4 b5 24. Re6 Bg7 25. Bxg7 Qxg7 26. Rfe1 Qd4+ 27.
R1e3 Rf8 28. Qc3 Qxc3 29. Rxc3 Bxf3 30. Rxh6 Bxd5 31. Rh7+ Rf7 32. Rxf7+ Bxf7
33. Rg3 Bxa2 34. Rxg5 Bb1 35. Rg2 b4 36. h4 b3 37. cxb3 Kc6 38. h5 Kb5 39. h6
a5 40. Rg7 Kb4 41. Rxc7 Kxb3 42. Rb7+ Ka2 43. Kf2 a4 44. Ke3 d5 45. Kd4 Be4 46.
Rb4 Kb1 47. Rxa4 Kxb2 48. Ra7 1-0

[Event "Bilderbergtoernooi"]
[Site "Oosterbeek"]
[Date "2006.07.01"]
[Round "1.10"]
[White "Plijter, MW."]
[Black "Van Leeuwen, E."]
[Result "0-1"]
[WhiteElo "1938"]
[BlackElo "2109"]
[PlyCount "112"]
[EventDate "2006.07.08"]

1. e4 d5 2. exd5 Nf6 3. Nf3 Nxd5 4. d4 Bg4 5. Be2 Nc6 6. c4 Nb6 7. Be3 e6 8.
Nc3 Be7 9. h3 Bh5 10. g4 Bg6 11. Ne5 Nxe5 12. dxe5 c6 13. Qb3 Qc7 14. Bf4 O-O-O
15. Bg3 Nd7 16. a4 Nc5 17. Qa2 Nd3+ 18. Bxd3 Rxd3 19. O-O Bc5 20. Kh2 Bd4 21.
Rae1 h5 22. Kg2 Rd2 23. Ne4 Bxe4+ 24. Rxe4 Rxb2 25. Qa3 Qb6 26. Qf3 h4 27. Bh2
c5 28. Qxf7 Qc6 29. Qf3 Rc2 30. Rf4 Qxf3+ 31. Rxf3 Rd8 32. Rf7 Rd7 33. Rf8+ Kc7
34. Re8 Rf7 35. Rxe6 Kd7 36. Rg6 Ke7 37. Bg1 Re2 38. Rb1 b6 39. a5 Bxf2 40.
Bxf2 Rfxf2+ 41. Kg1 Kf7 42. Rd6 Rg2+ 43. Kf1 Ref2+ 44. Ke1 Ra2 45. Kf1 Rh2 46.
Kg1 Rxh3 47. axb6 axb6 48. Rbxb6 Rg3+ 49. Kh1 h3 50. e6+ Kf6 51. Rd7 Rgg2 52.
g5+ Ke5 53. Rd5+ Ke4 54. Rb1 Rh2+ 55. Kg1 Rag2+ 56. Kf1 Rh1# 0-1

[Event "Bilderbergtoernooi"]
[Site "Oosterbeek"]
[Date "2006.07.01"]
[Round "1.11"]
[White "Etmans, MD."]
[Black "Mostertman, CA."]
[Result "1-0"]
[WhiteElo "2101"]
[BlackElo "1933"]
[PlyCount "51"]
[EventDate "2006.07.08"]

1. c4 g6 2. Nc3 Bg7 3. g3 d6 4. Bg2 Nc6 5. Nf3 f5 6. d4 e5 7. dxe5 Nxe5 8. O-O
Nf7 9. e4 fxe4 10. Nxe4 Ne7 11. Neg5 O-O 12. Nxf7 Rxf7 13. Ng5 Rf6 14. Bd5+ Kh8
15. Nf7+ Rxf7 16. Bxf7 Qf8 17. Bd5 Nxd5 18. cxd5 Bh3 19. Re1 Qf5 20. Be3 Bg4
21. Qa4 Bf3 22. Bd4 Be5 23. Re3 Rf8 24. Rae1 Bxd5 25. Rxe5 dxe5 26. Rxe5 1-0

[Event "Bilderbergtoernooi"]
[Site "Oosterbeek"]
[Date "2006.07.01"]
[Round "1.12"]
[White "Haitsma, AH."]
[Black "Maes, V."]
[Result "0-1"]
[WhiteElo "1932"]
[BlackElo "2065"]
[PlyCount "66"]
[EventDate "2006.07.08"]

1. d4 e6 2. c4 Nf6 3. Nc3 d5 4. Bg5 Be7 5. e3 O-O 6. Nf3 b6 7. cxd5 Nxd5 8.
Bxe7 Qxe7 9. Nxd5 exd5 10. Rc1 Be6 11. Bd3 Rc8 12. O-O c5 13. dxc5 bxc5 14. Qc2
h6 15. Nd4 Nd7 16. Ba6 Rf8 17. Nxe6 fxe6 18. Bb5 Rac8 19. Bxd7 Qxd7 20. Rfd1 c4
21. Qc3 Qa4 22. Qe5 Rf6 23. Rf1 Qxa2 24. Ra1 Qb3 25. Rxa7 Rb8 26. Qc7 Rg6 27.
h4 Qxb2 28. Rfa1 Rf8 29. Rf1 Qf6 30. h5 Rg5 31. f4 Rxh5 32. Rb1 Qc3 33. Kf2
Qc2+ {vlag} 0-1

[Event "Bilderbergtoernooi"]
[Site "Oosterbeek"]
[Date "2006.07.01"]
[Round "1.13"]
[White "van Caspel, RDJ."]
[Black "Mostertman, LG."]
[Result "1/2-1/2"]
[WhiteElo "2027"]
[BlackElo "1927"]
[PlyCount "75"]
[EventDate "2006.07.08"]

1. d4 Nf6 2. c4 c5 3. dxc5 e6 4. g3 Bxc5 5. Bg2 Qb6 6. Nh3 Ng4 7. O-O h5 8. Nc3
Be7 9. Bg5 f6 10. Bd2 h4 11. Nf4 hxg3 12. hxg3 g5 13. Qc2 Rh6 14. Nfd5 exd5 15.
Nxd5 Qd8 16. Qe4 f5 17. Qxe7+ Qxe7 18. Nxe7 Kxe7 19. Bxg5+ Kf7 20. Bd5+ Kg6 21.
Bxh6 Kxh6 22. Kg2 Nf6 23. Rh1+ Kg7 24. Rh4 Nc6 25. Rah1 b6 26. f3 Bb7 27. g4
fxg4 28. e4 gxf3+ 29. Kf2 Nxd5 30. exd5 Ne5 31. Rg1+ Kf6 32. Rf4+ Ke7 33. Re4
Kd6 34. Rh1 Re8 35. Rh5 Bxd5 36. cxd5 Kxd5 37. Ra4 a5 38. Ra3 1/2-1/2

[Event "Bilderbergtoernooi"]
[Site "Oosterbeek"]
[Date "2006.07.01"]
[Round "1.14"]
[White "Huizinga, SW."]
[Black "Tsoukkerman, BZ."]
[Result "0-1"]
[WhiteElo "1922"]
[BlackElo "2018"]
[PlyCount "57"]
[EventDate "2006.07.08"]

1. e4 Nf6 2. e5 Nd5 3. d4 d6 4. Nf3 g6 5. c4 Nb6 6. exd6 cxd6 7. h3 Bg7 8. Be2
O-O 9. O-O Bf5 10. Nc3 Nc6 11. Be3 d5 12. b3 dxc4 13. bxc4 e5 14. d5 Na5 15. g4
e4 16. Nd4 Bc8 17. Nxe4 Naxc4 18. Bxc4 Nxc4 19. Nc3 Nxe3 20. fxe3 Qg5 21. Qe2
h5 22. Ne4 Qh4 23. Nf2 hxg4 24. hxg4 Qg3+ 25. Kh1 Be5 26. Ne4 Qh4+ 27. Kg1 Bxg4
28. Qg2 Bh3 29. Qf2 0-1

[Event "Bilderbergtoernooi"]
[Site "Oosterbeek"]
[Date "2006.07.01"]
[Round "1.15"]
[White "Monté, PJ."]
[Black "Taal, AP."]
[Result "1-0"]
[WhiteElo "2012"]
[BlackElo "1917"]
[PlyCount "61"]
[EventDate "2006.07.08"]

1. f4 d5 2. Nf3 Nf6 3. e3 e6 4. b3 Bd6 5. Bb2 Nbd7 6. Be2 O-O 7. O-O Re8 8. Ne5
c5 9. c4 Qc7 10. d4 b6 11. Nc3 a6 12. cxd5 exd5 13. Rc1 Bb7 14. Bd3 Nf8 15. Na4
Ne6 16. g4 b5 17. Nxc5 Qb6 18. g5 Nxc5 19. dxc5 Bxc5 20. Rxc5 Qxc5 21. Bd4 Qe7
22. gxf6 Qxf6 23. Qh5 g6 24. Qh6 Qg7 25. Qxg7+ Kxg7 26. Nd7+ f6 27. Nxf6 Red8
28. f5 g5 29. Ng4+ Kf8 30. f6 Rac8 31. b4 1-0

[Event "Bilderbergtoernooi"]
[Site "Oosterbeek"]
[Date "2006.07.02"]
[Round "2.1"]
[White "de Graaff, RAG."]
[Black "Zuidema, C."]
[Result "1/2-1/2"]
[WhiteElo "2159"]
[BlackElo "2450"]
[PlyCount "43"]
[EventDate "2006.07.08"]

1. d4 Nf6 2. Nf3 e6 3. e3 b6 4. Bd3 Bb7 5. O-O Be7 6. Nbd2 c5 7. c3 O-O 8. e4
d6 9. Re1 Nc6 10. a3 a5 11. Qe2 Nd7 12. e5 g6 13. exd6 Bxd6 14. Ne4 Be7 15. Bf4
Nf6 16. Rad1 cxd4 17. Nxf6+ Bxf6 18. Be4 Ra7 19. Bxc6 Bxc6 20. Nxd4 Qd5 21.
Nxc6 Qxc6 22. Rd6 1/2-1/2

[Event "Bilderbergtoernooi"]
[Site "Oosterbeek"]
[Date "2006.07.02"]
[Round "2.2"]
[White "Böhm, H."]
[Black "Speijer, NB."]
[Result "1/2-1/2"]
[WhiteElo "2263"]
[BlackElo "2139"]
[PlyCount "47"]
[EventDate "2006.07.08"]

1. e4 e6 2. d4 d5 3. exd5 exd5 4. Bd3 Bd6 5. Qf3 Nc6 6. c3 Be6 7. Ne2 Qd7 8.
Bf4 Nf6 9. Bxd6 cxd6 10. Nd2 O-O-O 11. h3 Ne7 12. Nf4 Bf5 13. Bxf5 Qxf5 14.
O-O-O Kb8 15. Nd3 Qd7 16. Rde1 Rc8 17. Kb1 Rc7 18. g4 h6 19. Nc1 Rhc8 20. Qd3
Qa4 21. f3 Nc6 22. Ndb3 b5 23. Rh2 b4 24. c4 1/2-1/2

[Event "Bilderbergtoernooi"]
[Site "Oosterbeek"]
[Date "2006.07.02"]
[Round "2.3"]
[White "Vogel, J."]
[Black "Etmans, MD."]
[Result "1/2-1/2"]
[WhiteElo "2212"]
[BlackElo "2101"]
[PlyCount "45"]
[EventDate "2006.07.08"]

1. Nf3 c5 2. g3 Nc6 3. Bg2 Nf6 4. O-O g6 5. c3 Bg7 6. d4 cxd4 7. cxd4 d5 8. Ne5
O-O 9. Nc3 e6 10. f4 Nd7 11. e3 f6 12. Nd3 f5 13. Ne5 Ndxe5 14. fxe5 a6 15. Bd2
Kh8 16. Rc1 Bd7 17. Na4 b6 18. Rf2 Re8 19. Bf1 Ne7 20. Qb3 Nc8 21. Kg2 Bh6 22.
Be2 Rg8 23. Rcf1 1/2-1/2

[Event "Bilderbergtoernooi"]
[Site "Oosterbeek"]
[Date "2006.07.02"]
[Round "2.5"]
[White "Markus, JR."]
[Black "Monté, PJ."]
[Result "1-0"]
[WhiteElo "2167"]
[BlackElo "2012"]
[PlyCount "81"]
[EventDate "2006.07.08"]

1. d4 e6 2. Nf3 f5 3. c3 Nf6 4. Bg5 Be7 5. Nbd2 O-O 6. Bxf6 Bxf6 7. e4 fxe4 8.
Nxe4 d6 9. Qb3 Kh8 10. O-O-O Nc6 11. Bd3 e5 12. d5 Ne7 13. Ng3 Qe8 14. h4 Ng6
15. Qc2 Bg4 16. h5 Nf4 17. Bxh7 Bxf3 18. gxf3 Bg5 19. Kb1 Bh6 20. Be4 Rf6 21.
Nf5 Qd7 22. Ne3 Raf8 23. c4 b6 24. Rdg1 b5 25. Ng4 R6f7 26. c5 Re7 27. c6 Qe8
28. Ka1 Qb8 29. Qd1 Qb6 30. Bb1 Qc5 31. Ne3 a5 32. Qd2 b4 33. Rc1 Qb5 34. Qc2
e4 35. fxe4 Qe2 36. Rce1 Qxc2 37. Bxc2 Re5 38. Nc4 Rxh5 39. Rxh5 Nxh5 40. e5
Rxf2 41. exd6 1-0

[Event "Bilderbergtoernooi"]
[Site "Oosterbeek"]
[Date "2006.07.02"]
[Round "2.6"]
[White "Maes, V."]
[Black "van den Berg, AMJ."]
[Result "1/2-1/2"]
[WhiteElo "2065"]
[BlackElo "2162"]
[PlyCount "20"]
[EventDate "2006.07.08"]

1. d4 c5 2. e3 e6 3. Nf3 d5 4. c4 Nf6 5. Nc3 Nc6 6. cxd5 exd5 7. Be2 Bd6 8.
dxc5 Bxc5 9. O-O O-O 10. b3 Re8 1/2-1/2

[Event "Bilderbergtoernooi"]
[Site "Oosterbeek"]
[Date "2006.07.02"]
[Round "2.7"]
[White "Tsoukkerman, BZ."]
[Black "van Putten, H."]
[Result "0-1"]
[WhiteElo "2018"]
[BlackElo "2252"]
[PlyCount "84"]
[EventDate "2006.07.08"]

1. b4 g6 2. Bb2 Nf6 3. c4 Bg7 4. Nf3 O-O 5. e3 b6 6. Be2 c5 7. b5 e6 8. a4 a5
9. Qc2 Bb7 10. d3 d6 11. Nbd2 Nbd7 12. O-O Rc8 13. Rfd1 Qe7 14. Rac1 Rfd8 15.
Qb3 Nf8 16. Ba3 e5 17. Ne1 Nh5 18. Bf3 Bxf3 19. Nexf3 f5 20. d4 e4 21. dxc5
dxc5 22. Ne1 Nd7 23. Nb1 Ne5 24. Nc3 Qh4 25. h3 f4 26. exf4 Nxf4 27. Qc2 Nfd3
28. Nxd3 exd3 29. Qb1 d2 30. Rc2 Nxc4 31. g3 Nxa3 32. Qa2+ Qc4 33. Qxa3 Rd3 34.
Qa2 Qxa2 35. Nxa2 Rcd8 36. Kf1 R3d4 37. Ke2 Re4+ 38. Kf3 Red4 39. Ke2 Rxa4 40.
Rdxd2 Rxd2+ 41. Rxd2 Re4+ 42. Kf3 Ra4 0-1

[Event "Bilderbergtoernooi"]
[Site "Oosterbeek"]
[Date "2006.07.02"]
[Round "2.8"]
[White "Arp, FL."]
[Black "van Caspel, RDJ."]
[Result "0-1"]
[WhiteElo "1997"]
[BlackElo "2027"]
[PlyCount "98"]
[EventDate "2006.07.08"]

1. e4 c6 2. d4 d5 3. Nc3 g6 4. e5 Bg7 5. f4 h5 6. Nf3 Bg4 7. Be2 e6 8. Ng5 Nh6
9. Bxg4 hxg4 10. Qd3 Nf5 11. Bd2 Qb6 12. Ne2 Qxb2 13. O-O Qb6 14. Rab1 Qc7 15.
Bb4 b5 16. Ng3 Nd7 17. a4 a6 18. axb5 cxb5 19. c3 Nb6 20. Qe2 Qc4 21. Qxg4 Ne3
22. Qf3 Nxf1 23. Rxf1 Qc8 24. f5 gxf5 25. Nh5 Kd7 26. g4 Qg8 27. h4 Rxh5 28.
gxh5 Bh6 29. Kh1 Bxg5 30. Rg1 Nc4 31. hxg5 Nd2 32. Qf4 Ne4 33. g6 fxg6 34. Rxg6
Qh7 35. Qh6 Qxh6 36. Rxh6 a5 37. Rh7+ Kc6 38. Be7 Rg8 39. Bf6 b4 40. cxb4 axb4
41. Be7 b3 42. Ba3 Ra8 43. Bb2 Ra2 44. Re7 Rxb2 45. Rxe6+ Kb5 46. h6 Ng5 47. h7
Nxh7 48. Rh6 Ng5 49. e6 Re2 0-1

[Event "Bilderbergtoernooi"]
[Site "Oosterbeek"]
[Date "2006.07.02"]
[Round "2.9"]
[White "Mostertman, LG."]
[Black "Grotenhuis, GH."]
[Result "1-0"]
[WhiteElo "1927"]
[BlackElo "2005"]
[PlyCount "59"]
[EventDate "2006.07.08"]

1. e4 d5 2. exd5 Qxd5 3. Nc3 Qd6 4. d4 Nf6 5. Nf3 c6 6. Be3 Bg4 7. h3 Bh5 8. g4
Bg6 9. Ne5 Nbd7 10. Nxg6 hxg6 11. Bg2 e6 12. Qd3 Qb4 13. O-O-O Nb6 14. a3 Qa5
15. Ne4 Nxe4 16. Bxe4 Nd5 17. Bd2 Qc7 18. c4 Bd6 19. Kb1 Nf4 20. Qf3 f5 21. Bc2
Qb8 22. Bxf4 Bxf4 23. d5 cxd5 24. cxd5 e5 25. gxf5 g5 26. d6 O-O 27. Bb3+ Rf7
28. d7 Qf8 29. Bxf7+ Kxf7 30. Qd5+ 1-0

[Event "Bilderbergtoernooi"]
[Site "Oosterbeek"]
[Date "2006.07.02"]
[Round "2.10"]
[White "Scholten, KR."]
[Black "Plijter, MW."]
[Result "1/2-1/2"]
[WhiteElo "2010"]
[BlackElo "1938"]
[PlyCount "74"]
[EventDate "2006.07.08"]

1. e4 e6 2. d4 d5 3. Nc3 Nf6 4. e5 Nfd7 5. f4 c5 6. Nf3 Nc6 7. Be3 Qb6 8. Qd2
Qxb2 9. Rb1 Qa3 10. Be2 cxd4 11. Nxd4 Nxd4 12. Bxd4 Bb4 13. O-O O-O 14. Rf3 Nc5
15. Nb5 Qxf3 16. Rxb4 Ne4 17. gxf3 Nxd2 18. Nc7 a5 19. Rb2 Ra6 20. Nxa6 bxa6
21. Rb6 f5 22. Kf2 Rd8 23. Bxa6 Bxa6 24. Rxa6 Rc8 25. c3 Nb1 26. Rxa5 Nxc3 27.
a4 Rc4 28. Bxc3 Rxc3 29. Ra8+ Kf7 30. a5 Ra3 31. h4 h5 32. Ke2 Ra2+ 33. Ke3
Ra3+ 34. Kf2 Ra2+ 35. Ke3 Ra3+ 36. Ke2 Ra2+ 37. Kd3 Ra3+ 1/2-1/2

[Event "Bilderbergtoernooi"]
[Site "Oosterbeek"]
[Date "2006.07.02"]
[Round "2.11"]
[White "Nagel, JG."]
[Black "Pluymert, PW."]
[Result "1/2-1/2"]
[WhiteElo "1939"]
[BlackElo "1983"]
[PlyCount "39"]
[EventDate "2006.07.08"]

1. e4 d6 2. d4 Nf6 3. Bd3 e5 4. d5 c6 5. Bg5 Be7 6. Bxf6 Bxf6 7. Nc3 O-O 8.
Nge2 Nd7 9. a4 a5 10. O-O g6 11. Kh1 Bg7 12. Bc4 Nb6 13. Bb3 c5 14. Qd3 Bd7 15.
Nb5 Qe7 16. c4 f5 17. f3 Bxb5 18. axb5 Nd7 19. Bc2 b6 20. b3 1/2-1/2

[Event "Bilderbergtoernooi"]
[Site "Oosterbeek"]
[Date "2006.07.02"]
[Round "2.12"]
[White "Toorman, J."]
[Black "Haitsma, AH."]
[Result "1/2-1/2"]
[WhiteElo "1969"]
[BlackElo "1932"]
[PlyCount "105"]
[EventDate "2006.07.08"]

1. e4 e5 2. Nf3 Nc6 3. Bb5 a6 4. Ba4 Nf6 5. Nc3 b5 6. Bb3 Be7 7. Nd5 O-O 8. d3
d6 9. Nxe7+ Qxe7 10. c3 Na5 11. Bc2 c5 12. O-O Bd7 13. Bg5 h6 14. Bh4 Nc6 15.
Qd2 Bg4 16. Qe3 Kh7 17. h3 Bd7 18. d4 Rg8 19. dxe5 dxe5 20. Bg3 Nh5 21. Nh4
Nxg3 22. fxg3 Rac8 23. Nf5 Bxf5 24. Rxf5 Na5 25. Raf1 Nc4 26. Qf2 Nd6 27. Rf3
f6 28. Rd3 Rgd8 29. Rfd1 Kh8 30. Rd5 Nb7 31. Qf5 c4 32. Kh2 Nc5 33. Qf2 Nd3 34.
Bxd3 Rxd5 35. exd5 cxd3 36. Rxd3 Qd6 37. Qf5 Re8 38. Qe4 Rf8 39. Qb4 Qxb4 40.
cxb4 Kg8 41. g4 g6 42. Kg3 Kf7 43. Rc3 Ke7 44. Rc6 Rd8 45. Re6+ Kf7 46. Rxa6
Rxd5 47. Rb6 Rd3+ 48. Kf2 Rd2+ 49. Kf3 Rxb2 50. Rxb5 Rxa2 51. Rb6 Rb2 52. b5 f5
53. gxf5 1/2-1/2

[Event "Bilderbergtoernooi"]
[Site "Oosterbeek"]
[Date "2006.07.02"]
[Round "2.13"]
[White "Mostertman, CA."]
[Black "de Rooi, P."]
[Result "0-1"]
[WhiteElo "1933"]
[BlackElo "1968"]
[PlyCount "76"]
[EventDate "2006.07.08"]

1. e4 c5 2. d4 cxd4 3. Nf3 Nc6 4. c3 d3 5. c4 g6 6. Nc3 Bg7 7. Bxd3 d6 8. O-O
Nf6 9. h3 O-O 10. Be3 Nd7 11. Qd2 Nde5 12. Nxe5 Nxe5 13. Be2 Be6 14. b3 f5 15.
exf5 gxf5 16. f4 Nc6 17. Nd5 Bxa1 18. Rxa1 Bxd5 19. cxd5 Nb8 20. g4 Nd7 21. g5
Rc8 22. Bd4 Qc7 23. Bd3 Nc5 24. Re1 Nxd3 25. Qxd3 Rf7 26. Qe3 Qc2 27. Qe6 Rc7
28. g6 hxg6 29. Qxg6+ Kf8 30. Qh6+ Ke8 31. Qh8+ Rf8 32. Qh5+ Kd8 33. Qe2 Rg8+
34. Kf1 Rg3 35. Bxa7 Qxe2+ 36. Rxe2 Rc1+ 37. Kf2 Rxh3 38. Kg2 Rd3 0-1

[Event "Bilderbergtoernooi"]
[Site "Oosterbeek"]
[Date "2006.07.02"]
[Round "2.14"]
[White "Wilmink, J."]
[Black "Huizinga, SW."]
[Result "1-0"]
[WhiteElo "1963"]
[BlackElo "1922"]
[PlyCount "64"]
[EventDate "2006.07.08"]

1. d4 d5 2. c4 c6 3. Nf3 Nf6 4. Nc3 e6 5. Bg5 h6 6. Bh4 dxc4 7. e4 g5 8. Bg3 b5
9. Be5 Nbd7 10. h4 g4 11. Bxf6 Nxf6 12. Ne5 Qd6 13. a4 Bb7 14. Be2 a6 15. Nxf7
Kxf7 16. e5 Qe7 17. exf6 Qxf6 18. Bxg4 c5 19. Bh5+ Ke7 20. dxc5 Qe5+ 21. Qe2
Qxc5 22. Rh3 Rd8 23. axb5 axb5 24. Re3 Rd6 25. Bg4 Bc8 26. Ne4 Qb4+ 27. Kf1 Rb6
28. Rd1 Bg7 29. Qf3 Rf8 30. Qg3 Rc6 31. Nc3 Bxc3 32. bxc3 Rf6 1-0

[Event "Bilderbergtoernooi"]
[Site "Oosterbeek"]
[Date "2006.07.02"]
[Round "2.15"]
[White "Taal, AP."]
[Black "Sep, CJP."]
[Result "1/2-1/2"]
[WhiteElo "1917"]
[BlackElo "1947"]
[PlyCount "28"]
[EventDate "2006.07.08"]

1. d4 d5 2. Nf3 Nf6 3. e3 e6 4. Nbd2 c5 5. c3 Nc6 6. Bd3 Bd6 7. O-O O-O 8. dxc5
Bxc5 9. e4 Qc7 10. Qe2 Bd6 11. Re1 dxe4 12. Nxe4 Nxe4 13. Qxe4 f5 14. Qh4 Ne5
1/2-1/2

[Event "Bilderbergtoernooi"]
[Site "Oosterbeek"]
[Date "2006.07.03"]
[Round "3.1"]
[White "Zuidema, C."]
[Black "Markus, JR."]
[Result "1/2-1/2"]
[WhiteElo "2450"]
[BlackElo "2167"]
[PlyCount "27"]
[EventDate "2006.07.08"]

1. e4 e5 2. Nf3 Nc6 3. Bb5 a6 4. Ba4 d6 5. O-O Bd7 6. c3 Nge7 7. d4 Ng6 8. Re1
Be7 9. Nbd2 O-O 10. Nf1 h6 11. Ng3 Nh4 12. Nxh4 Bxh4 13. d5 Ne7 14. Bc2 1/2-1/2